Представление документа в формате RUSMARC

ПолеНазваниеЗначение
  Тип записи a
  Библиографический уровень m
001 Контрольный номер RU/SLIB/B/208764437
005 Дата корректировки 20201206204233.0
010 Индекс ISBN __
d Цена 65-00
101 Язык документа __
a Язык текста rus
200 Заглавие и сведения об ответственности 1_
a Заглавие Обзор экономики России
e Сведения, относящиеся к заглавию основ. тенденции развития, 2002, 3 [квартал]
f Первые сведения об ответственности Рабочий центр экон. реформ при Правительстве РФ, Рос.-Европ. центр экон. политики ; С. Лайнела (ред.-сост.) [и др.] ; отв. ред.: Э. Б. Ершов ; пер. Д. Носов [и др.]
b Общее обозначение материала Текст
210 Выходные данные __
a Место издания М.
c Издательство [б. и.]
d Дата издания [2002]
215 Физическое описание __
a Объем 330 с.
c Иллюстрации/тип воспроизводства табл., графики
330 Аннотация __
a Аннотация Проанализированы важнейшие тенденции социально-экономического развития страны в январе-июне 2002 г. представлен календарь важнейших экономических событий, статистические данные в виде таблиц. Для студентов, преподавателей, широкого круга.
601 Наименование организации как предмет __
a Наименование организации как предмет Европейское сообщество
606 Тематические рубрики __
a Основная рубрика Экономика
z Хронологическая подрубрика 2002 г. ; 20 в. ; 21 в. нач.
y Географическая подрубрика Россия ; РФ ; Российская Федерация
606 Тематические рубрики __
a Основная рубрика Экономика России
610 Ключевые слова __
a Ключевые слова экономические реформы; устойчивое развитие; социально-экономическое развитие; инфляция; неплатежи; переходная экономика; нефть; мировые цены; иностранные инвестиции; спрос; внутренний рынок; платежный баланс; цена; рынок; рынок капитала; рынок труда; домашнее хозяйство; статистика; инвестиции; мировая экономика; труд; кредитная система; бюджеты; предприятия
686 Индексы других классификаций __
a Классификационный индекс ст65.9(2Рос)
701 Альтернативная интеллектуальная ответственность __
a Фамилия Лайнела
b Имя С.
701 Альтернативная интеллектуальная ответственность __
a Фамилия Ершов
b Имя Э. Б.
701 Альтернативная интеллектуальная ответственность __
a Фамилия Носов
b Имя Д.
801 Источник записи _0
a Страна RU
b Организация Муниципальное бюджетное учреждение культуры "Централизованная библиотечная система" г. Сургут (Центральная городская библиотека им. А. С. Пушкина)
g Правила каталогизации КиК/Котельникова
801 Источник записи _1
a Страна RU
b Организация Муниципальное бюджетное учреждение культуры "Централизованная библиотечная система" г. Сургут (Центральная городская библиотека им. А. С. Пушкина)
g Правила каталогизации КиК/Котельникова
852 Данные о местонахождении __
j Шифр хранения ст65.9(2Рос)
c Каталожный индекс ст65.9(2Рос)
i Авторский знак О-14
901 Тип документа __
t Тип документа m
903 Характеристики (МАРС) __
a Дата передачи 20040407
990 Данные о заказе (DOS) __
j Количество экземпляров (DOS) 1
t N записи в КСУ для И/У (DOS) 200404